000 00249nam a2200109Ia 4500
008 190911s9999||||xx |||||||||||||| ||und||
100 _aHull,M.E.C.
245 0 _aParallel Processing
260 _aEngland
_bPearson
_c1994
300 _a328
942 _cBK
999 _c6650
_d6650